000 00222nam a2200121Ia 4500
100 _a#N/A
650 _aGeneral
942 _cBK
654 _apsychometric
245 _aPsychometric
260 _b#N/A
546 _aENGLISH
999 _c26051
_d26051